| 000 | 00728cam a2200253 4500 | ||
|---|---|---|---|
| 008 | 090401t1996 xxu||||| |||| 00| 0 eng d | ||
| 020 | _a0860174409 | ||
| 035 | _a(Sirsi) u57909 | ||
| 041 | _aeng | ||
| 050 | _a624.25 | ||
| 100 | _aRay, S.S. | ||
| 245 | _aBridges - design for improved buildability. | ||
| 260 |
_aLondon _bCIRIA _c1996 |
||
| 300 | _axi,149p. : ill. ; 30cm. | ||
| 350 | _a68 | ||
| 490 |
_aCIRIA Report _v155 |
||
| 650 | _aBUILT ENVIRONMENT-BUILDING MAINTENANCE AND REFURBISHMENT | ||
| 690 | _aBUILT ENVIRONMENT-CONSTRUCTION DESIGN | ||
| 700 | _aBarr, J. | ||
| 700 | _aClark, L. | ||
| 710 |
_aConstruction Industry Research and Information Association _94810 |
||
| 942 | _n0 | ||
| 948 | _c04/03/1997 | ||
| 999 |
_c93990 _d93990 |
||